Valuation of owner-occupied property for financial statements (Record no. 102601)
[ view plain ]
| 000 -LEADER | |
|---|---|
| fixed length control field | 01706cam a2200301 4500 |
| 008 - FIXED-LENGTH DATA ELEMENTS--GENERAL INFORMATION | |
| fixed length control field | 030113n2003 000 0 eng u |
| 020 ## - INTERNATIONAL STANDARD BOOK NUMBER | |
| International Standard Book Number | 1842191284 |
| 035 ## - SYSTEM CONTROL NUMBER | |
| System control number | (Sirsi) u120996 |
| 041 0# - LANGUAGE CODE | |
| Language code of text/sound track or separate title | eng |
| 050 04 - LIBRARY OF CONGRESS CALL NUMBER | |
| Classification number | 333.332 $2 18 |
| 110 2# - MAIN ENTRY--CORPORATE NAME | |
| Corporate name or jurisdiction name as entry element | Royal Institution of Chartered Surveyors |
| Subordinate unit | Property Valuation Forum |
| 9 (RLIN) | 4260 |
| 245 00 - TITLE STATEMENT | |
| Title | Valuation of owner-occupied property for financial statements |
| 260 ## - PUBLICATION, DISTRIBUTION, ETC. | |
| Place of publication, distribution, etc. | London |
| Name of publisher, distributor, etc. | RICS |
| Date of publication, distribution, etc. | 2003 |
| 490 #0 - SERIES STATEMENT | |
| Series statement | RICS Information Paper |
| 490 #0 - SERIES STATEMENT | |
| Series statement | RICS Valuation Information Paper |
| Volume/sequential designation | (01) |
| 505 2# - FORMATTED CONTENTS NOTE | |
| Formatted contents note | Concepts: the accounting standards -- The valuation practice statements -- Case studies -- Appendix one: DRC valuation - adjusting for depreciation -- Appendix two: The future - international convergence |
| 520 ## - SUMMARY, ETC. | |
| Summary, etc. | Considers the valuation of owner-occupied property for financial statements. The first section examines the Accounting Standards Board Financial Reporting Standards 11 "Impairment of fixed assets" and 15 "Tangible fixed assets", the second Practice Statement 3.3 and UK Practice Statement 1.3 of the Red Book, whilst the third provides case studies based on real-life circumstances. |
| 650 24 - SUBJECT ADDED ENTRY--TOPICAL TERM | |
| Topical term or geographic name entry element | DEPRECIATED REPLACEMENT COST |
| 650 24 - SUBJECT ADDED ENTRY--TOPICAL TERM | |
| Topical term or geographic name entry element | EXISTING USE VALUE |
| 650 24 - SUBJECT ADDED ENTRY--TOPICAL TERM | |
| Topical term or geographic name entry element | FINANCIAL REPORTING STANDARDS |
| 650 24 - SUBJECT ADDED ENTRY--TOPICAL TERM | |
| Topical term or geographic name entry element | RICS appraisal and valuation standards |
| 651 #4 - SUBJECT ADDED ENTRY--GEOGRAPHIC NAME | |
| Geographic name | United Kingdom |
| Chronological subdivision | |
| 690 ## - LOCAL SUBJECT ADDED ENTRY--TOPICAL TERM (OCLC, RLIN) | |
| Topical term or geographic name as entry element | PROPERTY-PROPERTY APPRAISAL AND VALUATION |
| 710 2# - ADDED ENTRY--CORPORATE NAME | |
| Corporate name or jurisdiction name as entry element | Royal Institution of Chartered Surveyors |
| Subordinate unit | Appraisal and Valuation Standards Board |
| 9 (RLIN) | 4453 |
| 856 41 - ELECTRONIC LOCATION AND ACCESS | |
| Uniform Resource Identifier | <a href="https://www.rics.org/Global/Downloads/1_ValofOwnerOccupiedPropFinancialStat_2003.pdf">https://www.rics.org/Global/Downloads/1_ValofOwnerOccupiedPropFinancialStat_2003.pdf</a> |
| Public note | View the Valuation Information Paper at www.rics.org/... |
| 942 ## - ADDED ENTRY ELEMENTS (KOHA) | |
| Suppress in OPAC | 0 |
| Withdrawn status | Lost status | Source of classification or shelving scheme | Damaged status | Not for loan | Home library | Current library | Shelving location | Date acquired | Total Checkouts | Full call number | Barcode | Date last seen | Copy number | Price effective from | Koha item type | Date last checked out |
|---|---|---|---|---|---|---|---|---|---|---|---|---|---|---|---|---|
| Dewey Decimal Classification | London | London | RICS Boxes | 19/05/2003 | RICS 2003/19 | 30067213 | 06/08/2019 | 1 | 06/08/2019 | Archive | ||||||
| Dewey Decimal Classification | London | London | RICS Boxes | 19/05/2003 | RICS 2003/19 | 30067214 | 06/08/2019 | 2 | 06/08/2019 | Reference material | ||||||
| Dewey Decimal Classification | London | London | RICS Boxes | 19/05/2003 | 10 | RICS 2003/19 | 30067216 | 06/08/2019 | 3 | 06/08/2019 | Book | 16/08/2006 | ||||
| Dewey Decimal Classification | Virtual | Virtual | Online | 19/05/2003 | ONLINE PUBLICATION | 120996-2001 | 06/08/2019 | 1 | 06/08/2019 | Book |